| 000 -ლიდერი |
| ფიქსირებული სიგრძის საკონტროლო ველი |
01560nam a2200253Ia 4500 |
| 001 - საკონტროლო ნომერი |
| საკონტროლო ველი |
2135 |
| 003 - საკონტროლო ნომრის იდენტიფიკატორი |
| საკონტროლო ველი |
GE_BSU |
| 005 - ბოლო ოპერაციის თარიღი და დრო |
| საკონტროლო ველი |
20190513154643.0 |
| 008 - ფიქსირებული სიგრძის მონაცემთა ელემენტები - ზოგადი ინფორმაცია |
| ფიქსირებული სიგრძის საკონტროლო ველი |
181216s2008ge xx |||||||||||||| ||geo|| |
| 020 ## - წიგნის საერთაშორისო სტანდარტული ნომერი |
| International Standard Book Number |
9789941017476 |
| 040 ## - კატალოგიზაციის წყარო |
| Transcribing agency |
GE_BSU |
| 041 ## - ენის კოდი |
| Language code of text/sound track or separate title |
geo |
| 100 ## - მთავარი ჩანაწერი - პიროვნების სახელი |
| Personal name |
ინაიშვილი, ლია |
| 9 (RLIN) |
1066 |
| 245 ## - ცნობა სათაურის შესახებ |
| Title |
მოსწავლეთა მუსიკალური განათლების პედაგოგიკური საფუძვლები და მათი სრულყოფის ოპტიმალური საშუალებები : |
| Remainder of title |
მონოგრაფია / |
| Statement of responsibility, etc |
ლია ინაიშვილი ; იაკობ გოგებაშვილის სახელობის თელავის სახელმწიფო უნივერსიტეტი ; რედ. ლია მენთეშაშვილი. |
| 264 ## - წარმოების, გამოცემის, დისტრიბუციის და სხვა ცნობები |
| გამოცემის, წარმოების, დისტრიბუციის... ადგილი |
თელავი, |
| გამოცემის, წარმოების, დისტრიბუციის... თარიღი |
2008. |
| 300 ## - ფიზიკური აღწერა |
| Extent |
203 გვ. |
| Other physical details |
19 სმ. |
| 500 ## - ზოგადი შენიშვნა |
| General note |
ბიბლიოგრ. : გვ. 192–201. |
| 520 ## - SUMMARY, ETC. |
| Summary, etc |
რეზიუმე ინგლ. |
| 653 ## - INDEX TERM--UNCONTROLLED |
| Uncontrolled term |
პედაგოგიკა |
| 653 ## - INDEX TERM--UNCONTROLLED |
| Uncontrolled term |
მოსწავლეთა მუსიკალური აღზრდა |
| 700 ## - ADDED ENTRY--PERSONAL NAME |
| Personal name |
მენთეშაშვილი, ლ. |
| Relator term |
რედაქტორი |
| 9 (RLIN) |
1069 |
| 710 ## - ADDED ENTRY--CORPORATE NAME |
| Corporate name or jurisdiction name as entry element |
იაკობ გოგებაშვილის სახელობის თელავის სახელმწიფო უნივერსიტეტი |
| 9 (RLIN) |
1070 |
| 942 ## - ADDED ENTRY ELEMENTS (KOHA) |
| Koha item type |
წიგნი |
| Source of classification or shelving scheme |
|